Norweskie miasta - nagła śmierć - Statystyki

Ogólne statystyki
  • Ten quiz został rozwiązany 165 razy
  • Średni wynik to 5 z 7
Answers on the Grid
Answers color-coded by a green-red scale on the quiz's grid according to % correct below.
Oslo
Randers
Tallin
Bergen
Helsinki
Kuopio
Stavanger
Ryga
Drammen
Malmo
Molde
Goteborg
Lahti
Trondheim
Aalborg
Tromsø
 
Statystyki odpowiedzi
Odpowiedź % Poprawnych
Oslo
100%
Tromsø
83%
Trondheim
80%
Bergen
79%
Stavanger
72%
Molde
62%
Drammen
59%
Nie znaleziono quizów pasujących do podanych kryteriów
Rozkład punktacji
Procent ludzi z każdym wynikiem
Percentyl według liczby udzielonych odpowiedzi
Twoja historia wyników
Nie rozwiązałeś tego quizu